<?xml version="1.0" encoding="UTF-8"?>
<record
    xmlns:xsi="http://www.w3.org/2001/XMLSchema-instance"
    xsi:schemaLocation="http://www.loc.gov/MARC21/slim http://www.loc.gov/standards/marcxml/schema/MARC21slim.xsd"
    xmlns="http://www.loc.gov/MARC21/slim">

  <leader>00968    a2200253   4500</leader>
  <controlfield tag="005">20081103112126.0</controlfield>
  <controlfield tag="008">081103t        xxu||||| |||| 00| 0 urd d</controlfield>
  <datafield tag="010" ind1=" " ind2=" ">
    <subfield code="a">UR-7285</subfield>
  </datafield>
  <datafield tag="020" ind1=" " ind2=" ">
    <subfield code="c">100.00</subfield>
  </datafield>
  <datafield tag="035" ind1=" " ind2=" ">
    <subfield code="a">U-5840</subfield>
  </datafield>
  <datafield tag="037" ind1=" " ind2=" ">
    <subfield code="b">D.B.Act / pub</subfield>
  </datafield>
  <datafield tag="082" ind1=" " ind2=" ">
    <subfield code="a">841</subfield>
  </datafield>
  <datafield tag="100" ind1=" " ind2=" ">
    <subfield code="a">&#x200F;&#x200F;&#x200F;&#x639;&#x62B;&#x645;&#x627; &#x646;&#x6CC; &#x645;&#x62D;&#x645;&#x62F; &#x645;&#x62D;&#x628;&#x648;&#x628; &#x627;&#x641;&#x633;&#x631;</subfield>
  </datafield>
  <datafield tag="245" ind1=" " ind2=" ">
    <subfield code="a">&#x641;&#x6A9;&#x631; &#x631;&#x633;&#x627;</subfield>
    <subfield code="c">&#x639;&#x62B;&#x645;&#x627; &#x646;&#x6CC; &#x645;&#x62D;&#x645;&#x62F; &#x645;&#x62D;&#x628;&#x648;&#x628; &#x627;&#x641;&#x633;&#x631;</subfield>
  </datafield>
  <datafield tag="246" ind1=" " ind2=" ">
    <subfield code="a">Fikr-e- rasa</subfield>
    <subfield code="b">by Afsar Osmani</subfield>
  </datafield>
  <datafield tag="260" ind1=" " ind2=" ">
    <subfield code="a">&#x6A9;&#x631; &#x64A;&#x645; &#x646;&#x6AF;&#x631;</subfield>
    <subfield code="b">&#x62D;&#x627; &#x645;&#x62F; &#x67E;&#x628;&#x644;&#x64A;&#x6A9;&#x64A;&#x634;&#x646;&#x633;</subfield>
    <subfield code="c">2005&#x621;</subfield>
  </datafield>
  <datafield tag="270" ind1=" " ind2=" ">
    <subfield code="a">&#x645;&#x6A9;&#x627; &#x646; &#x646;&#x645;&#x628;&#x631; 5359&#x60C;&#x627;&#x62D;&#x645;&#x62F; &#x67E;&#x648;&#x631;&#x6C1;&#x60C;</subfield>
    <subfield code="b">&#x6A9;&#x631;&#x64A;&#x645; &#x646;&#x6AF;&#x631;</subfield>
    <subfield code="e">505001</subfield>
    <subfield code="k">0878-2245202</subfield>
  </datafield>
  <datafield tag="300" ind1=" " ind2=" ">
    <subfield code="a">186 &#x635;</subfield>
    <subfield code="c">22&#x633;&#x64A;&#x646;&#x679;&#x6CC; &#x645;&#x64A;&#x679;&#x631;</subfield>
  </datafield>
  <datafield tag="650" ind1=" " ind2=" ">
    <subfield code="a">&#x634;&#x627; &#x639;&#x631;&#x6CC;</subfield>
  </datafield>
  <datafield tag="650" ind1=" " ind2=" ">
    <subfield code="a">&#x634;&#x627; &#x639;&#x631;&#x6CC;</subfield>
  </datafield>
  <datafield tag="700" ind1=" " ind2=" ">
    <subfield code="a">&#x62D;&#x627; &#x645;&#x62F; &#x67E;&#x628;&#x644;&#x64A;&#x6A9;&#x64A;&#x634;&#x646;&#x633;</subfield>
  </datafield>
  <datafield tag="942" ind1=" " ind2=" ">
    <subfield code="a">dpl</subfield>
    <subfield code="c">UR</subfield>
    <subfield code="k">  </subfield>
    <subfield code="2">ddc</subfield>
    <subfield code="h">841</subfield>
    <subfield code="m">&#x639; &#x62B; &#x645;</subfield>
  </datafield>
  <datafield tag="999" ind1=" " ind2=" ">
    <subfield code="c">1549</subfield>
    <subfield code="d">1549</subfield>
  </datafield>
  <datafield tag="952" ind1=" " ind2=" ">
    <subfield code="0">0</subfield>
    <subfield code="1">0</subfield>
    <subfield code="2">ddc</subfield>
    <subfield code="4">0</subfield>
    <subfield code="7">1</subfield>
    <subfield code="8">NFIC</subfield>
    <subfield code="a">DBAD</subfield>
    <subfield code="b">DBAD</subfield>
    <subfield code="d">2008-11-03</subfield>
    <subfield code="g">100.00</subfield>
    <subfield code="l">0</subfield>
    <subfield code="o">841 &#x639; &#x62B; &#x645;</subfield>
    <subfield code="p">U-5840</subfield>
    <subfield code="r">2008-09-15 00:00:00</subfield>
    <subfield code="u">1627</subfield>
    <subfield code="v">100.00</subfield>
    <subfield code="w">2008-09-15</subfield>
    <subfield code="y">UR</subfield>
  </datafield>
</record>
